As naus de verde pinho (Registo nº 3834)

Detalhes MARC
000 -Etiqueta do registo
Cabeçalho 00895nam0a2200301 4500
005 - Identificador da versão
Campo de controlo 20240813122045.0
010 ## - Número internacional normalizado dos livros (ISBN)
Número (ISBN) 9722110438
Número (ISBN) 978-972-21-1043-3
021 ## - Número do Depósito Legal
Código do país PT
Número 97629/96
100 ## - Dados gerais de processamento
Dados gerais de processamento 20017051d1996 c y0pory5003 ba
102 ## - Pais de publicação ou produção
País de publicação Portugal
101 0# - Língua de publicação
Língua do texto, banda sonora, etc. Português
215 ## - Descrição física 
Indicação específica da natureza do documento e extensão da espécie 12 p.
Outras indicações físicas il. color
200 1# - Titulo e menção de responsabilidade
Título próprio As naus de verde pinho
Informação de outro título viagem de Bartolomeu Dias contada à minha filha Joana
Primeira menção de responsabilidade Manuel Alegre
Outras menções de responsabilidade il. Afonso Alegre Duarte
205 ## - Menção da edição
Menção da edição 2ª ed
210 ## - Publicação, Distribuição, etc. 
Lugar da edição, distribuição, etc. [Lisboa]
Nome do editor, distribuidor, etc. Caminho
Data da publicação, distribuição, etc. 1996
300 ## - Notas gerais 
Texto da nota Metas Curriculares
Texto da nota PNL
606 ## - Nome comum usado como assunto
Número de registo de entrada de autoridade 0001358
Palavra de ordem Literatura portuguesa
Subdivisão de assunto Poesia
Código do sistema CA
675 ## - Classificação Decimal Universal (CDU)
Notação 821.134.3-1
Edição 3ª ed.
Língua da edição por
702 #1 - Nome de autor-pessoa física (responsabilidade secundária)
Número de registo de entrada de autoridade 0000281
Palavra de ordem Duarte
Outra parte do nome não tomada para palavra de ordem Afonso Alegre
Código de função Ilustrador / Técnico de desenho computorizado
700 #1 - Nome de autor-pessoa física (responsabilidade principal)
Número de registo de entrada de autoridade 0000280
Palavra de ordem Alegre
Outra parte do nome não tomada para palavra de ordem Manuel
Datas 1936-
900 ## -
-- BIBNAC
-- 20091028
966 ## - Identificação da Biblioteca
Sigla EBVEN
942 ## - Elementos de entrada adicionados (Koha)
Tipo de item no Koha Livro
Exemplares
Situação do levantamento Origin of item (home branch) (coded) Biblioteca de empréstimo Código de barras Cota Circulation type (not for loan) Tipo de documento Nota do exemplar Damaged status
  Biblioteca Escolar das Vendas Biblioteca Escolar das Vendas BEV163 8POR ALE MET PNL   Livro Sem mensagem